| Tag |
First Indicator |
Second Indicator |
Subfields |
| LEADER |
00000cam a22000001a 4500 |
| 001 |
in00003259821 |
| 006 |
m d f |
| 007 |
cr bn mmmapmmp |
| 008 |
100322s1981 dcuab o f000 0 eng d |
| 005 |
20260511184128.8 |
| 035 |
|
|
|a cis2007494004
|
| 040 |
|
|
|a UMI
|c UMI
|d UtOrBLW
|
| 043 |
|
|
|a n-us---
|
| 074 |
|
|
|a 1041-B
|
| 086 |
0 |
|
|a Y 4.C 73/7:97-54
|
| 088 |
|
|
|a Serial No. 97-54 (United States. Congress. Senate. Committee on Commerce, Science, and Transportation)
|
| 099 |
|
|
|a HRG-1981-CST-0052
|
| 110 |
1 |
|
|a United States.
|b Congress.
|b Senate.
|b Committee on Commerce, Science, and Transportation.
|
| 245 |
1 |
0 |
|a Daylight savings time :
|b hearing before the Committee on Commerce, Science, and Transportation, United States Senate, Ninety-seventh Congress, first session, on S. 49 and S. 115 ... S. 879 ... June 23, 1981.
|
| 264 |
|
1 |
|a Washington :
|b U.S. G.P.O.,
|c 1981.
|
| 300 |
|
|
|a 1 online resource.
|
| 336 |
|
|
|a text
|b txt
|2 rdacontent
|
| 337 |
|
|
|a computer
|b c
|2 rdamedia
|
| 338 |
|
|
|a online resource
|b cr
|2 rdacarrier
|
| 500 |
|
|
|a Record is based on bibliographic data in ProQuest Congressional Hearings Digital Collection. Reuse except for individual research requires license from ProQuest, LLC.
|
| 538 |
|
|
|a System requirements: PDF reader software.
|
| 500 |
|
|
|a Electronic resource.
|
| 650 |
|
0 |
|a Daylight saving
|x Law and legislation
|z United States.
|
| 655 |
|
7 |
|a Electronic books.
|2 local
|
| 710 |
2 |
|
|a ProQuest (Firm)
|
| 776 |
0 |
8 |
|i Print version:
|a United States. Congress. Senate. Committee on Commerce, Science, and Transportation.
|t Daylight savings time
|w (OCoLC)07960502
|w gp 82002605
|
| 776 |
0 |
8 |
|i Microfiche version:
|a United States. Congress. Senate. Committee on Commerce, Science, and Transportation.
|t Daylight savings time.
|d [Bethesda, Md.] : ProQuest,[2004]
|o CIS 81 S261-72
|w (ProQuest)cis08101972
|
| 830 |
|
0 |
|a U.S. Congressional Hearings.
|
| 856 |
4 |
0 |
|u http://proxy.library.tamu.edu/login?url=https://congressional.proquest.com/congcomp/getdoc?HEARING-ID=HRG-1981-CST-0052
|z Connect to the full text of this electronic book
|t 0
|
| 998 |
|
|
|a cis08101972
|
| 999 |
|
|
|a MARS
|
| 999 |
f |
f |
|s ec68d62a-ac9f-38e4-bef8-f9e554840f65
|i 68306e11-42b0-3492-91d3-e9d2c6431a25
|t 0
|
| 952 |
f |
f |
|a Texas A&M University
|b College Station
|c Electronic Resources
|s www_evans
|d Available Online
|t 0
|e HRG-1981-CST-0052
|h Other scheme
|
| 998 |
f |
f |
|a HRG-1981-CST-0052
|t 0
|l Available Online
|